Il re dell'Avana

Saved in:
Bibliographic Details
Main Author: Gutierrez Pedro Juan
Format: Book
Language:Undetermined
Published: Roma E/O 1999
Tags: Add Tag
No Tags, Be the first to tag this record!

MARC

LEADER 00000nam a2200000Ia 4500
001 794
003 NUMERAZIONE-ORIGINALE-BRESCIA
005 20260206230754.0
008 260206s9999 xx 000 0 und d
100 |a Gutierrez Pedro Juan 
245 0 |a Il re dell'Avana 
260 |a Roma 
260 |b E/O 
260 |c 1999 
500 |a Dal mondo 
942 |2 ddc  |c BK  |n 0 
952 |0 0  |1 0  |2 ddc  |4 0  |6 13  |7 0  |9 28678  |a BS  |b BS  |d 2026-02-06  |i 794  |l 0  |o 1-3-*  |r 2026-02-06 22:40:40  |w 2026-02-06  |x [REVISIONARE]  |y BK 
999 |c 24336  |d 24336